ბათუმის შოთა რუსთაველის სახელმწიფო უნივერსიტეტის ბიბლიოთეკა

მცენარეთა ბიოტექნოლოგია (ბიბ.ჩანაწერი № 50762)

000 -LEADER
fixed length control field 01083nam a2200253Ia 4500
001 - CONTROL NUMBER
control field 17714
003 - CONTROL NUMBER IDENTIFIER
control field GE_BSU
008 - FIXED-LENGTH DATA ELEMENTS--GENERAL INFORMATION
fixed length control field 181216s||||||||xx |||||||||||||| ||und||
020 ## - INTERNATIONAL STANDARD BOOK NUMBER
International Standard Book Number 978-99928-53-62-7
040 ## - CATALOGING SOURCE
Transcribing agency GE_BSU
080 ## - UNIVERSAL DECIMAL CLASSIFICATION NUMBER
Universal Decimal Classification number 573.6+57.082(075.8)
100 ## - MAIN ENTRY--PERSONAL NAME
Personal name ქობალია, ვახტანგ
245 ## - TITLE STATEMENT
Title მცენარეთა ბიოტექნოლოგია
245 ## - TITLE STATEMENT
Remainder of title სახელმძღვ. სას.-სამ. და სატყეო საქმის სპეც. სტუდენტებისათვის
245 ## - TITLE STATEMENT
Statement of responsibility, etc. რედ. ა. მიქელაძე
260 ## - PUBLICATION, DISTRIBUTION, ETC.
Place of publication, distribution, etc. ქუთაისი
260 ## - PUBLICATION, DISTRIBUTION, ETC.
Name of publisher, distributor, etc. მოწამეთა
260 ## - PUBLICATION, DISTRIBUTION, ETC.
Date of publication, distribution, etc. 2008
300 ## - PHYSICAL DESCRIPTION
Extent 532 გვ. : ცხრ., ილ. ; 20 სმ..
300 ## - PHYSICAL DESCRIPTION
Accompanying material ბიბლიოგრ.: გვ. 523-524
653 ## - INDEX TERM--UNCONTROLLED
Uncontrolled term მცენარეთა ბიოტექნოლოგია
653 ## - INDEX TERM--UNCONTROLLED
Uncontrolled term უჯრედული ბიოტექნოლოგია; გენეტიკური ინჟინერია;
942 ## - ADDED ENTRY ELEMENTS (KOHA)
Koha item type წიგნი
ეგზემპლარები
Withdrawn status Lost status Source of classification or shelving scheme Damaged status Not for loan Permanent Location Current Location Shelving location Date acquired Full call number Barcode Date last seen Copy number Price effective from Koha item type
          ტექნოლოგიური ფაკულტეტის ბიბლიოთეკა ტექნოლოგიური ფაკულტეტის ბიბლიოთეკა წიგნსაცავი 2018-12-17 573.6+57.082(075.8) ქ-60 41571 2018-12-17 41571 2018-12-17 წიგნი
          ტექნოლოგიური ფაკულტეტის ბიბლიოთეკა ტექნოლოგიური ფაკულტეტის ბიბლიოთეკა წიგნსაცავი 2018-12-17 573.6+57.082(075.8) ქ-60 41572 2018-12-17 41572 2018-12-17 წიგნი